State Consonants Quiz Stats

 Plays Quiz Updated Dec 10, 2018

Challenge
Share
Tweet
Embed
Score 0/30 Timer 07:00
7 Plays Today
% Correct
Florida
95.7%
Montana
93.2%
Georgia
93.1%
Louisiana
89.1%
Reagan
79.6%
flared
79.5%
Oregon
77.9%
oregano
75.9%
garage
71.9%
Indiana
70.2%
floored
66.5%
fluoride
64%
gorge
63.9%
Rogaine
61.8%
undone
59.3%
% Correct
Andean
42%
grog
40.1%
monotony
31.2%
liaison
30.7%
Grieg
23.8%
Olsen
23.5%
Elysian
18%
lysine
17.6%
fuel rod
16.2%
munition
15%
Aragon
14.4%
Nadine
11.4%
My Ántonia
11.2%
anodyne
5.4%
emanation
2.4%

You're not logged in!

Compare scores with friends on all Sporcle quizzes.
OR
Log In

You Might Also Like...

Show Comments

Extras

Top Quizzes Today


Score Distribution

Your Account Isn't Verified!

In order to create a playlist on Sporcle, you need to verify the email address you used during registration. Go to your Sporcle Settings to finish the process.

Report this User

Report this user for behavior that violates our Community Guidelines.

Details: